000 00836nam a2200301Ia 4500
008 160803s9999 xx 000 0 und d
020 _a978-0545150613
100 _aStilton, Thea.
245 _aThea Stilton and the secret city /
245 _c[text by Thea Stilton ; illustrations by Alessandro Battan ... et al.].
260 _aNew York :
260 _bScholastic Inc.
260 _c2006
300 _a161 pages :
300 _bcolor illustration ;
300 _c20 cm.
440 _aThea Stilton ;
440 _vbk. 8
500 _aAt head of title: Geronimo Stilton.
650 _aHumorous stories.
650 _aMice --
650 _aPeru --
650 _aTreasure troves -- Peru --
650 _xJuvenile fiction.
650 _xJuvenile fiction.
650 _xJuvenile fiction.
700 _a620
999 _c298260
_d298260